000 00921nam0a2200301 4500
001 RU\NLR\BIBL_A\011903871
005 20190117080607.0
010 _a978-5-17-112347-5
_92000
021 _aRU
_bКН-П-18-092142
_9КН-П-18-6692
035 _a(NLR Aleph) 011903871
035 _a(RuMoRGB)009828834
090 _a10898010
_c10898010
100 _a20181228d2018 e y0rusy50 ca
101 0 _arus
102 _aRU
105 _ay z 0 ay
200 1 _aСестры озерных вод
_e[роман]
_fОлли Вингет
210 _aМосква
_cАСТ
_d2018 (макет 2019)
215 _a341, [4] с.
_d21
225 1 _aВедьмин сад
333 _a16+
686 2 _aШ6(2=Р)8-445
700 1 _aВингет
_bО.
_c1991-
_gОлли
_3RU\NLR\AUTH\770176420
942 _cBOOK
980 _aNB